CASE OF ESCHERICHIA COLI-ANTIBIOTICS RESISTANCE IN LAYER DUCK AT PUR RIENG DISTICT, PREY VENG PROVINCE,ករណី ESCHERICHIA COLI .​ស៊ាំនឹង​ឱសថអង់ទីប៊ីយ៉ូទិកលើទាផ្តល់ស៊ុត នៅស្រុកពោធិ៍រៀង ខេត្តព្រៃវែង (Record no. 24753)

000 -LEADER
fixed length control field 00717nam a22001337a 4500
040 ## - CATALOGING SOURCE
Transcribing agency RUA
082 ## - DEWEY DECIMAL CLASSIFICATION NUMBER
Classification number VEM KHO 2024 B1-330 Or.
100 ## - MAIN ENTRY--AUTHOR NAME
Personal name KHOUN KIMHOUN,ឃន គឹមហ៊ន
245 ## - TITLE STATEMENT
Title CASE OF ESCHERICHIA COLI-ANTIBIOTICS RESISTANCE IN LAYER DUCK AT PUR RIENG DISTICT, PREY VENG PROVINCE,ករណី ESCHERICHIA COLI .​ស៊ាំនឹង​ឱសថអង់ទីប៊ីយ៉ូទិកលើទាផ្តល់ស៊ុត នៅស្រុកពោធិ៍រៀង ខេត្តព្រៃវែង
260 ## - PUBLICATION, DISTRIBUTION, ETC. (IMPRINT)
Place of publication phnom penh
Name of publisher rua
Year of publication 2024
300 ## - PHYSICAL DESCRIPTION
Number of Pages ix.34p.
Other physical details ill.
Dimensions 29cm.
856 ## - ELECTRONIC LOCATION AND ACCESS
Uniform Resource Identifier https://drive.google.com/file/d/1iyzOLNKt4OhuEws-MLp9QMVgs8z7kbG_/view?usp=sharing
942 ## - ADDED ENTRY ELEMENTS (KOHA)
Koha item type VEM
952 ## - LOCATION AND ITEM INFORMATION (KOHA)
Withdrawn status [LOCAL, KOHA] 0
952 ## - LOCATION AND ITEM INFORMATION (KOHA)
Withdrawn status [LOCAL, KOHA] 0
Holdings
Permanent Location Date acquired Koha item type Lost status Shelving location Barcode Current Location Full call number
Library Block B2025-04-29VEM B1.330a082848Library Block BVEM KHO 2024 B1-330 Or.
Library Block B2025-04-29VEM B1.330a083071Library Block BVEM KHO 2024 B1-330 Or.
មជ្ឈមណ្ឌលឯការនៃសាកលវិទ្យាល័យភូមិន្ទកសិកម្មចំការដូង

Powered by Koha